| 000 | 00810cam a22002411 4500 | ||
|---|---|---|---|
| 001 | 4538326 | ||
| 005 | 20220302100655.0 | ||
| 008 | 700729s1968 nyua 000 0 eng | ||
| 010 | _a 68005502 | ||
| 040 |
_aDLC _cDLC _dDLC |
||
| 050 | 0 | 0 |
_aBX 8526 _b.W38 1968 |
| 082 | 0 | 0 | _a289.9 |
| 110 | 2 | _aWatch Tower Bible and Tract Society of Pennsylvania. | |
| 245 | 1 | 4 | _aThe truth that leads to eternal life. |
| 250 | _a1st ed. | ||
| 260 |
_aBrooklyn, _bWatchtower Bible and Tract Society of New York, _c1968] |
||
| 300 |
_a190 p. _bill. _c17 cm. |
||
| 500 | _aOn spine: Truth. | ||
| 650 | 0 |
_aJehovah's Witnesses _xDoctrines. |
|
| 710 | 2 | _aWatchtower Bible and Tract Society of New York. | |
| 906 |
_a7 _bcbc _corignew _du _encip _f19 _gy-gencatlg |
||
| 942 |
_2lcc _hBX 8526 .W38 1968 _cREF_BOOK |
||
| 999 |
_c31323 _d31323 |
||